000 00647nam a2200181 i 4500
001 97199
003 ES-MaACL
005 20230906182046.0
007 t|
008 050707s1949 cu ||||1| spa d
100 1 _aMañach, Jorge (
_d1898-1961)
_976248
245 1 0 _aSemblante histórico de Varona
_b: Discurso Dr. Jorge Mañach en la sesión solemne celebrada el 28 de abril de 1949 /
_cJorde Mañach.
260 _aLa Habana :
_bEl Siglo XX,
_c1949.
300 _a34 p. ;
_c25 cm.
500 _aPrecede al tít.: Academia de la Historia de Cuba.
710 2 _aAcademia de la Historia de Cuba.
_91183
852 _aES-MaACL
_j1897-F-22
_bR.27339
999 _c97199
_d97199